000
00224nam a22000857a 4500
008
160706b xxu||||| |||| 00| 0 eng d
100
_9
2333
_a
Bono, E.D
245
_a
The Use of Lateral Thinking
260
_a
New York
_b
Penguin
_c
1967
999
_c
2011
_d
2011